Federálne výhybky

Bibliographic Details
Main Author: Sotník, Alexander (Author)
Format: Article
Language:Slovak
Subjects:

MARC

LEADER 00000nab a2200000 a 4500
001 vtls000409543
003 SK-MaSNL
005 20260304195459.0
008 120924c1991 xo 0 slo
015 |a SNBRB19rr/mm-uuuuu 
035 |a CL0409667 
040 |a SNKBUCL  |b slo  |c SNKBUCL  |e AACR2 
041 0 |a slo 
044 |a xo  |c SK 
080 |a 656.2(437.6)  |2 1981 
100 1 |a Sotník, Alexander  |4 aut  |9 265401 
245 1 0 |a Federálne výhybky  |c Alexander Sotník 
650 0 7 |a železničná doprava  |2 snkbucl  |9 3185 
655 7 |a články z novín a časopisov  |2 snkbucl  |9 267496 
773 0 |t Slovenský národ  |g Roč. 2, č. 7 (1991), s. 6-7 
850 |a Slovenská národná knižnica v Martine  |a MTA001 
852 |a SNK  |b KIS3GCP 
958 |a RK 
992 |a RBX 
999 |c 3081713  |d 3083643